| 000 | 00365nam a2200121Ia 4500 | ||
|---|---|---|---|
| 008 | 210430s9999 xx 000 0 und d | ||
| 020 | _a978-81-203-5000-7 | ||
| 082 | _a621.38152 S893S | ||
| 100 |
_aBen G. Streetman, Sanjay K. Banerjee _954719 |
||
| 245 |
_aSolid State Electronic Devices _cBen G. Streetman, Sanjay K. Banerjee |
||
| 300 | _a596 | ||
| 942 |
_cBK _2ddc |
||
| 999 |
_c565406 _d565406 |
||